LEADER 01355nam 2200373Ia 450 001 996397334203316 005 20221108051410.0 035 $a(CKB)4940000000063401 035 $a(EEBO)2240891199 035 $a(OCoLC)9923105900971 035 $a(EXLCZ)994940000000063401 100 $a20061013d1564 uy 0 101 0 $aeng 135 $aurbn||||a|bb| 200 12$aA shorte introduction of grammar$b[electronic resource] $egenerallye to be vsed: compyled and set forth, for the bringing vp of all those that intende to attaine the knowledge of the Latine tongue 210 $a[London $cR. Wolfium$d1564] 215 $a[63] p 300 $aTitle, place of publication and date taken from ms note that preceeds text. 300 $aSignatures: A-C? D? A-I?. 300 $aImperfect: lacks title page and 17-18 of part II. 300 $aInitials. 300 $aReproduction of original in: Folger Shakespeare Library. 330 $aeebo-0055 606 $aLatin language$xGrammar$vEarly works to 1800 606 $aLatin language$vEarly works to 1800 615 0$aLatin language$xGrammar 615 0$aLatin language 700 $aLily$b William$f1468?-1522.$0841046 801 0$bUMI 801 1$bUMI 906 $aBOOK 912 $a996397334203316 996 $aA shorte introduction of grammar$92300417 997 $aUNISA